| 000 | 02826cab a2200265 ab4500 | ||
|---|---|---|---|
| 005 | 20250521121121.0 | ||
| 008 | 991125c2017 mx fr p o 000 0 spa d | ||
| 035 | _aUPN01000233060 | ||
| 040 |
_aMX-MxUPN _bspa _cMX-MxUPN _eaacr2 |
||
| 049 | _aART-E | ||
| 100 | 1 |
_aZapata Téllez, Jessica _6- psic.zapata@gmail.com |
|
| 245 | 1 | 0 |
_aCognición social en el abuso de sustancias : _buna revisión narrativa _h[recurso electrónico en línea] |
| 506 | 0 | _aAcceso abierto | |
| 520 | 3 | _aIntroducción: la Cognición Social (CS) es el conjunto de procesos neurobiológicos, psicológicos y sociales que permiten percibir, reconocer y evaluar una situación social con el objetivo de generar la respuesta conductual más apropiada para cada contexto. Se integra por cinco dominios: Teoría de la Mente, Procesamiento Emocional, Estilo Atribucional, Percepción Social y Conocimiento Social. Al hablar del abuso de sustancias, la CS cobra relevancia por su implicación en el pronóstico terapéutico y la reinserción social de los usuarios en rehabilitación. Objetivo: explorar la información existente dentro de la literatura científica, en torno al funcionamiento de los dominios de CS en abusadores de sustancias. Metodo: se realizó una búsqueda de información en bases de datos digitales. Se consideraron investigaciones cuasi y experimentales, publicadas a partir del año 2000, que incluyeran la evaluación de al menos un dominio de la CS en participantes con abuso o dependencia de sustancias. Resultados: se encontraron reportes de investigación que documentan alteraciones en los dominios de Procesamiento Emocional y Teoría de la Mente, en casos de abuso de alcohol, cannabis, metanfetaminas, cocaína y opiáceos; las alteraciones tienden a variar dependiendo de la sustancia y la severidad de consumo. No se encontraron documentos que evidencien el funcionamiento de los dominios Sesgo Atribucional, Percepción Social ni Conocimiento Social. Discusión y conclusiones: resulta aventurado señalar la existencia de un déficit de CS y sus dominios para cada sustancia en específico; los estudios son aún escasos, existe variabilidad respecto a los instrumentos empleados y falta considerar otras variables clínicas que pudieran moderar o modificar la asociación entre los dominios de la CS y el consumo abusivo de sustancias. RIIA | |
| 653 | 0 | _aConsumo de sustancias | |
| 653 | 0 | _aCognición social | |
| 653 | 0 | _aTeoría de la mente | |
| 653 | 0 | _aProcesamiento emocional | |
| 773 |
_gVol. 3, no. 1, (2017), p. 45-60 _tRevista internacional de investigación en adicciones _x2448-6396 |
||
| 856 | 4 | _uhttp://riiad.org/index.php/riiad/article/view/riiad.2017.1.06/168 | |
| 856 | 4 | _uhttps://doi.org/10.28931/riiad.2017.1.06 | |
| 902 | _aLeonor Sotres/210525 | ||
| 905 | _aArticulo | ||
| 942 | _cART-E | ||
| 999 |
_c205155 _d205155 |
||